|
|
|
|
| LEADER |
00000nam0a2200000 4500 |
| 001 |
375163 |
| 005 |
20231101051454.0 |
| 010 |
|
|
|a 5020286370
|
| 020 |
|
|
|a RU
|b 89-76994
|
| 035 |
|
|
|a (RuTPU)RU\TPU\retro\32600
|
| 035 |
|
|
|a RU\TPU\book\226529
|
| 090 |
|
|
|a 375163
|
| 100 |
|
|
|a 20221220d1989 k y0rusy5003 ca
|
| 101 |
0 |
|
|a rus
|
| 102 |
|
|
|a RU
|
| 105 |
|
|
|a a z 001zy
|
| 200 |
1 |
|
|a Вязкие течения с парадоксальными свойствами
|f М. А. Гольдштик, В. Н. Штерн, Н. И. Яворский
|g Академия наук СССР (АН СССР), Сибирское отделение (СО), Институт теплофизики (ИТ) ; под ред. В. Е. Накорякова
|
| 210 |
|
|
|a Новосибирск
|c Наука
|d 1989
|
| 215 |
|
|
|a 336 с.
|c ил.
|d 22 см
|
| 320 |
|
|
|a Библиогр.: с. 323-333 (263 назв.).
|
| 610 |
1 |
|
|a вязкие жидкости
|
| 610 |
1 |
|
|a движение
|
| 610 |
1 |
|
|a ускорение
|
| 610 |
1 |
|
|a струи
|
| 610 |
1 |
|
|a уравнения Навье-Стокса
|
| 675 |
|
|
|a 532.516
|z rus
|v 3
|
| 700 |
|
1 |
|a Гольдштик
|b М. А.
|g Михаил Александрович
|4 070
|
| 701 |
|
1 |
|a Штерн
|b В. Н.
|g Владимир Николаевич
|
| 701 |
|
1 |
|a Яворский
|b Н. И.
|g Николай Иванович
|
| 702 |
|
1 |
|a Накоряков
|b В. Е.
|c физик
|c директор Института теплофизики СО РАН
|c выпускник ТЭФ Томского политехнического университета 1958 г.
|f 1935-
|g Владимир Елиферьевич
|2 stltpush
|3 (RuTPU)RU\TPU\pers\29240
|4 340
|
| 712 |
0 |
2 |
|a Академия наук СССР (АН СССР)
|b Сибирское отделение (СО)
|b Институт теплофизики (ИТ)
|c (Новосибирск)
|2 stltpush
|3 (RuTPU)RU\TPU\col\11307
|
| 801 |
|
0 |
|a RU
|b RuMRKP
|c 19950417
|g psbo
|
| 801 |
|
1 |
|a RU
|b 63413507
|c 20120126
|
| 801 |
|
2 |
|a RU
|b 63413507
|c 20221220
|g RCR
|
| 942 |
|
|
|c BK
|